| 000 | 00741nam a2200205Ii 4500 | ||
|---|---|---|---|
| 003 | JO-AjNU | ||
| 008 | 230606s9999||||xx |||||||||||||| ||und|| | ||
| 020 | _a0-89512-002-X | ||
| 040 |
_aJO-AjNU _beng _erda _cJO-AjNU |
||
| 041 | _aeng | ||
| 050 | 1 | 4 | _aQA76.28.G74 1976 |
| 100 | 3 |
_aOliva, Ralph A. , M.Dean LaMont , Linda R. Fowler, _eauthor _95851 |
|
| 245 | 0 | 4 | _aThe Great International ‘‘ MATH ON KEYS ’’ BOOK |
| 264 | 3 | 1 | _aU.S.A: Texas Instruments Incorporated, 1976 |
| 300 | _a1-33P / 2-9P / 3-23P / 4-25P / 5-15P / 6-27P / 7-15P / 8-21P / 9-17P | ||
| 336 |
_atext _btxt _2rdacontent |
||
| 337 |
_aunmediated _bn _2rdamedia |
||
| 338 |
_avolume _bnc _2rdacarrier |
||
| 650 | 4 |
_a Calculators -- Problems, exercises, etc. _95852 |
|
| 999 |
_aE3035 _c3032 _d3032 |
||